000
00285nam a22001097a 4500
082
_a
620.11 ZAM'E
100
_a
ZAMAN, M. A
_9
40794
245
_a
A TEXT BOOK OF ENGINEERING MATERIALS FOR BSC ENGG AND DIPLOMA EXAMS
260
_a
LAHORE
_b
MATERIALS
_c
1959
300
_a
415P
942
_c
BK
999
_c
585524
_d
585524